000 01296nam a22002657a 4500
999 _c8566
_d8566
003 GBCCL
005 20241126110653.0
008 210408b ||||| |||| 00| 0 eng d
020 _a0281058849
020 _a9780281058846
020 _a0664231616
020 _a 9780664231613
040 _cGBC
082 _a225.831
_bLOA
100 _aLoader, William
_915100
245 _aSexuality in the New Testament :
_bUnderstanding the key texts /
_cWilliam Loader.
260 _aLondon :
_bSPCK,
_c2010
300 _aviii, 166 pages ;
_c22 cm
505 _aEngaging the far and the near : where to begin -- 'With a man as a woman' -- Model marriage and the household -- Adultery, attitude and disorder -- Divorce and remarriage -- Has sex a future? The question of celibacy -- Conclusion : 'sex on the brain'? Love and hope.
505 _aBecause the New Testament was written in a distant social, cultural and religious setting, interpreters often find themselves embroiled in heated conflict over meaning and application. No more so than in the field of sexuality and sexual ethics.
650 _aBible.
_vNew Testament
_xCriticism, interpretation, etc.
_911541
650 _aSex
_vReligious aspects
_xChristianity.
_912753
650 _aSex in the Bible.
_915101
942 _2ddc
_cBK
_06